Statistics for NBA MVP Award Winners

Click here to take the quiz!

General Stats

  • This quiz has been taken 1,120 times
  • The average score is 47 of 58

Answer Stats

YearPlayer% Correct
2013LeBron James
99%
2012LeBron James
99%
2010LeBron James
99%
2009LeBron James
99%
1988Michael Jordan
97%
1991Michael Jordan
97%
1992Michael Jordan
97%
1996Michael Jordan
97%
1998Michael Jordan
97%
2008Kobe Bryant
96%
2000Shaquille O'Neal
91%
1985Larry Bird
87%
1986Larry Bird
87%
1984Larry Bird
87%
1989Magic Johnson
87%
1990Magic Johnson
87%
1987Magic Johnson
87%
2002Tim Duncan
86%
2003Tim Duncan
86%
2011Derrick Rose
85%
1966Wilt Chamberlain
85%
1968Wilt Chamberlain
85%
1967Wilt Chamberlain
85%
1960Wilt Chamberlain
85%
2001Allen Iverson
83%
1962Bill Russell
83%
1961Bill Russell
83%
1963Bill Russell
83%
1965Bill Russell
83%
1958Bill Russell
83%
2005Steve Nash
83%
2006Steve Nash
83%
1994Hakeem Olajuwon
82%
1971Kareem Abdul-Jabbar
82%
1976Kareem Abdul-Jabbar
82%
1977Kareem Abdul-Jabbar
82%
1980Kareem Abdul-Jabbar
82%
1972Kareem Abdul-Jabbar
82%
1974Kareem Abdul-Jabbar
82%
2007Dirk Nowitzki
81%
1999Karl Malone
79%
1997Karl Malone
79%
1979Moses Malone
79%
1982Moses Malone
79%
1983Moses Malone
79%
2004Kevin Garnett
74%
1993Charles Barkley
71%
1969Wes Unseld
71%
1995David Robinson
70%
1957Bob Cousy
63%
1956Bob Pettit
62%
1959Bob Pettit
62%
1964Oscar Robertson
58%
1981Julius Erving
57%
1978Bill Walton
49%
1970Willis Reed
40%
1975Bob McAdoo
38%
1973Dave Cowens
34%

Score Distribution

Percentile by Number Answered

Percent of People with Each Score

Your Score History

You have not taken this quiz